|
|
|
|
| LEADER |
00776nab a2200205 i 4500 |
| 001 |
acta6739 |
| 005 |
20221006155538.0 |
| 008 |
161015s1992 hu o 0|| hun d |
| 022 |
|
|
|a 0324-6523
|
| 040 |
|
|
|a SZTE Egyetemi Kiadványok Repozitórium
|b hun
|
| 041 |
|
|
|a hun
|
| 100 |
1 |
|
|a Tremmel Flórián
|
| 245 |
1 |
0 |
|a Adalékok a közvádmonopólium kérdéséhez
|h [elektronikus dokumentum] /
|c Tremmel Flórián
|
| 260 |
|
|
|a Szegedi Tudományegyetem Állam- és Jogtudományi Kara
|b Szeged
|c 1992
|
| 300 |
|
|
|a 533-551
|
| 490 |
0 |
|
|a Acta Universitatis Szegediensis : acta juridica et politica
|v 41 No. 1-40
|
| 650 |
|
4 |
|a Társadalomtudományok
|
| 650 |
|
4 |
|a Jogtudomány
|
| 695 |
|
|
|a Jogtudomány
|
| 856 |
4 |
0 |
|u http://acta.bibl.u-szeged.hu/6739/1/juridpol_041_533-551.pdf
|z Dokumentum-elérés
|